Inovačná aktivita v priemysle a vo vybraných službách v Slovenskej republike 1999-2001
Guardado en:
| Formato: | Libro |
|---|---|
| Lenguaje: | eslovaco inglés |
| Publicado: |
Bratislava
Štatistický úrad Slovenskej republiky
2004
|
| Colección: | Vnútorný obchod a služby
|
| Materias: | |
| Etiquetas: |
Sin Etiquetas, Sea el primero en etiquetar este registro!
|
MARC
| LEADER | 00000nam$a2200000$$$4500 | ||
|---|---|---|---|
| 001 | 0017606 | ||
| 005 | 20240104112033.5 | ||
| 041 | 0 | |a slo | |
| 041 | 0 | |a eng | |
| 044 | |a SK | ||
| 245 | 1 | 0 | |a Inovačná aktivita v priemysle a vo vybraných službách v Slovenskej republike 1999-2001 |
| 264 | 1 | |a Bratislava |b Štatistický úrad Slovenskej republiky |c 2004 | |
| 300 | |a 112 s. | ||
| 490 | 1 | |a Vnútorný obchod a služby | |
| 830 | 0 | |a Vnútorný obchod a služby | |
| 610 | 2 | 0 | |a priemysel |
| 610 | 2 | 0 | |a inovácia |
| 610 | 2 | 0 | |a inovácia výrobkov |
| 610 | 2 | 0 | |a podnik |
| 610 | 2 | 0 | |a výsledok hospodársky |
| 610 | 2 | 0 | |a tržby |
| 610 | 2 | 0 | |a štatistika |
| 610 | 2 | 0 | |a údaje štatistické |
| 610 | 2 | 0 | |a Slovensko |
| 610 | 2 | 0 | |a 1999-2001 |